Biznis zo školských lavíc
20. ročník Veľtrhu študentských spoločností, ktorý organizuje Junior Achievement Slovensko. Prezentácia podnikateľských plánov, výrobkov a služieb študentov. Úspech študentov z firmy Way Levice. Štyri hlavné kategórie súťaže: manažérsky tím, marketingová komunikácia, podnikateľský nápad a úžitkový p...
Na minha lista:
| Autor principal: | |
|---|---|
| Formato: | Capítulo de Livro |
| Idioma: | eslovaco |
| Assuntos: | |
| Tags: |
Sem tags, seja o primeiro a adicionar uma tag!
|
MARC
| LEADER | 00000naa a2200000 4500 | ||
|---|---|---|---|
| 001 | 0201653 | ||
| 005 | 20231113083430.7 | ||
| 041 | 0 | |a slo | |
| 044 | |a SK | ||
| 245 | 1 | 0 | |a Biznis zo školských lavíc |c Štefánia Kačalková |
| 520 | |a 20. ročník Veľtrhu študentských spoločností, ktorý organizuje Junior Achievement Slovensko. Prezentácia podnikateľských plánov, výrobkov a služieb študentov. Úspech študentov z firmy Way Levice. Štyri hlavné kategórie súťaže: manažérsky tím, marketingová komunikácia, podnikateľský nápad a úžitkový produkt. Veľa favoritov. Príbeh z vyťahu. Výzva, nie problém. | ||
| 610 | 2 | 0 | |a podnikanie |
| 610 | 2 | 0 | |a študenti |
| 610 | 2 | 0 | |a súťaže |
| 610 | 2 | 0 | |a vzdelávanie |
| 610 | 2 | 0 | |a školy stredné odborné |
| 100 | 1 | |a Kačalková, Štefánia | |